Writing research papers : (رقم التسجيلة. 35428)

تفاصيل مارك
000 -الفاتح
حقل البيانات ثابتة الطول 00940cam a2200277 a 4500
001 - رقم الضبط
رقم الضبط 1143053
003 - محدد رقم الضبط
رقم الضبط OSt
005 - وقت وتاريخ اخر تعامل مع التسجيلة
رقم الضبط 20150408114221.0
008 - عناصر البيانات ثابتة الطول - معلومات عامة
حقل البيانات ثابتة الطول 950411s1996 nyua b 001 0 eng
010 ## - رقم ضبط مكتبة الكونجرس
رقم ضبط مكتبة الكونجرس 95017065
020 ## - الرقم الدولى المعيارى للكتب
الرقم الدولى المعيارى للكتاب 067399449X
040 ## - مصدر الفهرسة
وكالة الفهرسة الأصلية DLC
وكالة النسخ DLC
وكالة التعديل DLC
050 00 - رقم طلب مكتبة الكونجرس
رقم التصنيف LB2369
رقم المادة .L4 1996
082 00 - رقم تصنيف ديوى العشرى
رقم التصنيف 808.02
رقم الطبعة 20
رقم المادة LJW
100 1# - المدخل الرئيسى - إسم شخصى
الإسم الشخصى Lester, James D.,
العنوان والكلمات الأخرى المصاحبة للاسم Sr.,
التواريخ المصاحبة للاسم 1935-2006.
9 (RLIN) 45988
245 10 - بيان العنوان
العنوان Writing research papers :
بقية العنوان a complete guide /
بيان المسئوليه,etc James D. Lester.
250 ## - بيان الطبعة
بيان الطبعة 8th ed.
260 ## - PUBLICATION, DISTRIBUTION, ETC. (IMPRINT)
مكان الناشر او الموزع New York :
اسم الناشر او الموزع HarperCollins College Publishers,
تاريخ النشر أو التوزيع c1996.
300 ## - الوصف المادى
التعداد viii, 408 p. :
تفاصيل ماديه اخرى للوعاء ill. (some col.) ;
أبعاد الوعاء 23 cm.
504 ## - تبصرة ببليوجرافية
تبصرة ببليوجرافية,الخ Includes bibliographical references (p. 365-397) and index.
650 #0 - المدخل الاضافى بالموضوع-مصطلح موضوعى
مصطلح موضوعي أو اسم جغرافي كعنصر مدخل Report writing.
650 #0 - المدخل الاضافى بالموضوع-مصطلح موضوعى
مصطلح موضوعي أو اسم جغرافي كعنصر مدخل Research.
906 ## - عنصر بيانات محلى F, LDF (RLIN)
a 7
b cbc
c orignew
d 1
e ocip
f 19
g y-gencatlg
942 ## - عناصر المدخل الإضافي( كوها)
مصدر التصنيف او مخطط الترفيف Dewey Decimal Classification
Koha [default] item type كتاب
المقتنيات
حالة الفقد نموذج السعر الفعال حالة تلف ليس للاعارة رقم الطلب تاريخ الاكتساب الموقع الحالي الباركود الفرع الرئيسي Total Renewals Date last checked out Date last seen مُعار نوع المادة فى نظام كوها مصدر التصنيف او خطة الترفيف Total Checkouts
  2014-07-07     808.02 LJW 2014-07-07 المكتبة المركزية بالمجمعة (CL) 00651986 المكتبة المركزية بالمجمعة (CL) 1 2023-02-07 2023-02-07 2023-05-08 كتاب Dewey Decimal Classification 3
  2014-07-07     808.02 LJW 2014-07-07 المكتبة المركزية بالمجمعة (CL) 00651987 المكتبة المركزية بالمجمعة (CL)   2021-11-08 2023-06-21   كتاب Dewey Decimal Classification 2
  2014-07-07     808.02 LJW 2014-07-07 المكتبة المركزية بالمجمعة (CL) 00651988 المكتبة المركزية بالمجمعة (CL)     2014-07-07   كتاب Dewey Decimal Classification  
  2014-07-07     808.02 LJW 2014-07-07 مكتبة مجمع الكليات بالزلفى - طلاب (SZM) 00651989 مكتبة مجمع الكليات بالزلفى - طلاب (SZM)     2014-07-07   كتاب Dewey Decimal Classification  
  2014-07-07     808.02 LJW 2014-07-07 مكتبة مجمع الكليات بالزلفى - طلاب (SZM) 00651990 مكتبة مجمع الكليات بالزلفى - طلاب (SZM)     2014-07-07   كتاب Dewey Decimal Classification